|
|
|
|
| LEADER |
00000nab a2200000 a 4500 |
| 001 |
vtls011727264 |
| 003 |
SK-MaSNL |
| 005 |
20260318122227.0 |
| 008 |
171213c2017 xo er n ||00 c0ukr |
| 015 |
|
|
|a SNBRB2017/12
|
| 038 |
|
|
|a SVKPOCL
|
| 040 |
|
|
|a SVKPOCL
|b slo
|c SVKPOCL
|e AACR2
|
| 041 |
0 |
|
|a ukr
|
| 044 |
|
|
|a xo
|c SK
|
| 080 |
|
|
|a 398.8
|2 2011
|
| 080 |
|
|
|a (437.6)
|2 2011
|
| 080 |
|
|
|a 792.83
|2 2011
|
| 080 |
|
|
|a 793.324
|2 2011
|
| 080 |
|
|
|a 78.085
|2 2011
|
| 080 |
|
|
|a 784.4
|2 2011
|
| 080 |
|
|
|a 7.071:398
|2 2011
|
| 100 |
1 |
|
|a Medviď, Peter,
|d 1981-
|4 aut
|9 268505
|
| 245 |
1 |
0 |
|a PULS rychtuje premjeru o rusyn'skўch banykach
|c Petro Medviď
|
| 246 |
3 |
|
|a PULS rychtuje premjeru o rusyn'skŷch banykach
|
| 300 |
|
|
|b Fotogr.
|
| 500 |
|
|
|a V rubrike Kultura
|
| 500 |
|
|
|a Doplňujúce údaje sú prevzaté z http://kosickedivadlotanca.webnode.sk/
|
| 600 |
1 |
7 |
|a Mikula, Viliam,
|d 1991-
|2 svkpocl
|9 1594631
|
| 600 |
1 |
7 |
|a Mušinka, Mikuláš,
|d 1936-2024
|2 SNKMA
|9 99915
|
| 600 |
1 |
7 |
|a Kónya, Anton
|2 svkpocl
|9 392841
|
| 610 |
2 |
7 |
|a Poddukelský umelecký ľudový súbor
|2 SNKKA
|9 122018
|
| 648 |
|
7 |
|a 12.5.2017
|2 svkpocl
|9 1594632
|
| 650 |
0 |
7 |
|a Kráčali pod nami (program)
|2 svkpocl
|9 1594633
|
| 650 |
0 |
7 |
|a rusínske piesne
|2 svkpocl
|9 327398
|
| 650 |
0 |
7 |
|a tance
|2 SNKPH
|9 30066
|
| 650 |
0 |
7 |
|a ľudové piesne
|2 SNKPH
|9 1941
|
| 650 |
0 |
7 |
|a folklórne súbory
|2 SNKPH
|9 28685
|
| 651 |
|
7 |
|a Prešov (Slovensko)
|2 SNKPH
|9 17347
|
| 773 |
0 |
|
|t NN info Rusyn : Narodnў novynkў Rusyniv Slovakiji
|g Roč. XIV (26), č. 8 (2017), s. 6
|x 2454-0013
|
| 852 |
|
|
|a SVKPO
|b KIS3GCP
|
| 856 |
4 |
2 |
|y Elektronický archív Info Rusyna je dostupný na: http://www.rusyn.sk
|
| 856 |
4 |
2 |
|u http://kosickedivadlotanca.webnode.sk/clenovia-kdt/externi/viliam-mikula/
|
| 958 |
|
|
|a RN
|
| 958 |
|
|
|a SS
|
| 958 |
|
|
|a BX
|
| 958 |
|
|
|a SK
|
| 958 |
|
|
|a NM
|
| 999 |
|
|
|c 3276213
|d 3278143
|